Страны по началу телефонного кода - Statistics

General Stats
  • This quiz has been taken 12 times
  • The average score is 8 of 9
Answer Stats
Страны % Correct
+1 Антигуа и Барбуда / Багамские острова / Барбадос / Гренада / Доминика / Канада / Сент-Винсент и Гренадины / Сент-Китс и Невис / Сент-Люсия / Соединённые Штаты Америки / Тринидад и Тобаго / Ямайка
100%
+5 Аргентина / Белиз / Боливия / Бразилия / Венесуэла / Гаити / Гайана / Гватемала / Гондурас / Колумбия / Коста-Рика / Куба / Мексика / Никарагуа / Панама / Парагвай / Перу / Сальвадор / Суринам / Уругвай / Чили / Эквадор
100%
+2 Алжир / Ангола / Бенин / Ботсвана / Буркина-Фасо / Бурунди / Габон / Гамбия / Гана / Гвинея / Гвинея-Бисау / Демократическая Республика Конго / Джибути / Египет / Замбия / Зимбабве / Кабо-Верде / Камерун / Кения / Коморские острова / Кот-д'Ивуар / Лесото / Либерия / Ливия / Маврикий / Мавритания / Мадагаскар / Малави / Мали / Марокко / Мозамбик / Намибия / Нигер / Нигерия / Республика Конго / Руанда / Сан-Томе и Принсипи / Сейшельские острова / Сенегал / Сомали / Судан / Сьерра-Леоне / Танзания / Того / Тунис / Уганда / Центрально-Африканская Республика / Чад / Экваториальная Гвинея / Эритрея / Эсватини / Эфиопия / Южно-Африканская Республика / Южный Судан
88%
+3 Албания / Андорра / Армения / Беларусь / Бельгия / Болгария / Босния и Герцеговина / Ватикан / Венгрия / Греция / Ирландия / Исландия / Испания / Италия / Кипр / Косово / Латвия / Литва / Люксембург / Мальта / Молдова / Монако / Нидерланды / Португалия / Сан-Марино / Северная Македония / Сербия / Словения / Украина / Финляндия / Франция / Хорватия / Черногория / Эстония
88%
+6 Австралия / Бруней / Вануату / Восточный Тимор / Индонезия / Кирибати / Малайзия / Маршалловы острова / Науру / Новая Зеландия / Палау / Папуа-Новая Гвинея / Самоа / Сингапур / Соломоновы острова / Таиланд / Тонга / Тувалу / Федеративные Штаты Микронезии / Фиджи / Филиппины
88%
+7 Казахстан / Россия
88%
+8 Бангладеш / Вьетнам / Доминиканская Республика / Камбоджа / Китай / Корейская Народно-Демократическая Республика / Лаос / Республика Корея / Тайвань / Япония
75%
+4 Австрия / Великобритания / Германия / Дания / Лихтенштейн / Норвегия / Польша / Румыния / Словакия / Чехия / Швейцария / Швеция
63%
+9 Азербайджан / Афганистан / Бахрейн / Бутан / Грузия / Израиль / Индия / Иордания / Ирак / Иран / Йемен / Катар / Кувейт / Кыргызстан / Ливан / Мальдивы / Монголия / Мьянма / Непал / Объединённые Арабские Эмираты / Оман / Пакистан / Саудовская Аравия / Сирия / Таджикистан / Туркменистан / Турция / Узбекистан / Шри-Ланка
63%
No matching quizzes found
Score Distribution
Percent of People with Each Score
Percentile by Number Answered
Your Score History
You have not taken this quiz